L'ego-politique : Essai sur l'individualisation du champ politique (notice n° 1566556)
[ vue normale ]
| 000 -LEADER | |
|---|---|
| fixed length control field | 01852cam a2200145 4500500 |
| 005 - DATE AND TIME OF LATEST TRANSACTION | |
| control field | 20251214001916.0 |
| 041 ## - LANGUAGE CODE | |
| Language code of text/sound track or separate title | fre |
| 042 ## - AUTHENTICATION CODE | |
| Authentication code | dc |
| 100 10 - MAIN ENTRY--PERSONAL NAME | |
| Personal name | Le Bart, Christian |
| Relator term | author |
| 245 00 - TITLE STATEMENT | |
| Title | L'ego-politique : Essai sur l'individualisation du champ politique |
| 260 ## - PUBLICATION, DISTRIBUTION, ETC. | |
| Name of publisher, distributor, etc. | Armand Colin,<br/> |
| Date of publication, distribution, etc. | 2013.<br/> |
| 520 ## - SUMMARY, ETC. | |
| Summary, etc. | Culte du terrain et de la proximité, hyper-réactivité à l’événement, mise en scène de soi… : les façons de faire de la politique ont profondément changé en quelques décennies. Sous l’influence toujours plus forte des médias et de la logique présidentielle, le champ politique apparaît de plus en plus comme affrontement entre des personnalités. Celles-ci s’émancipent volontiers des rôles institutionnels et des partis politiques pour privilégier le jeu médiatique et mettre en avant un style individuel qui ne craint plus la singularité. Ainsi le capital de visibilité tend-il à concurrencer le capital politique traditionnel : est-il plus important d’avoir sa marionnette aux Guignols de l’Info ou de présider un groupe parlementaire ? Cet essai a pour objectif d’établir le lien entre personnalisation de la vie politique et individualisation du champ politique. L’auteur revient sur les événements récents : présidence Sarkozy, élection de 2012, victoire de François Hollande et premiers pas du gouvernement Ayrault… Mais il s’efforce également de mettre en perspective, sur plusieurs décennies, les transformations constatées, en particulier l’avènement de personnalités jouant moins de leur exemplarité que de leur singularité. L’individu, longtemps suspect dans le champ politique, y est désormais souverain. |
| 700 10 - ADDED ENTRY--PERSONAL NAME | |
| Personal name | Le Bart, Christian |
| Relator term | author |
| 856 41 - ELECTRONIC LOCATION AND ACCESS | |
| Uniform Resource Identifier | <a href="https://shs.cairn.info/l-ego-politique--9782200283100?lang=fr&redirect-ssocas=7080">https://shs.cairn.info/l-ego-politique--9782200283100?lang=fr&redirect-ssocas=7080</a> |
Pas d'exemplaire disponible.




Réseaux sociaux